2025 memes - Statistiques

Statistiques générales
  • Ce quiz a été pris 13 fois
  • Le résultat moyen est 3 sur 16
Statistiques - réponses
Hint Réponse % Correct
Squid Game I've played these games before !
50%
Minecraft Lava Chicken
50%
IShowSpeed W Speed
50%
Minecraft Chicken Jockey !
40%
TikTok Oiia
20%
TikTok Aura Farm Kid
10%
TikTok Chicken Banana
10%
Music Nani Ga Suki ?
10%
TikTok Six Seven Kid
10%
TikTok 100 Men vs 1 Gorilla
0%
TikTok Dexter Music
0%
TikTok English or Spanish
0%
TikTok If you're homeless just buy a house
0%
TikTok Italian Brainrots
0%
TikTok Rat Dance
0%
TikTok Yes Yes Yes No No No Cat
0%
Aucun quiz correspondant
Distribution des résultats
% des personnes avec chaque résultat
Percentile par nombre de réponses
Votre historique - résultats
Vous n’avez pas pris ce quiz